00954nam a2200229 a 450000100100000000500170001000800410002704000250006808200150009310000250010824000290013324500760016226000580023830000210029649000240031759000760034150000400041770000330045783000310049095201860052199900170070700003522520200930074205.0111026s1964 mx 000 0 spa d aDO-SdBNPbspacBNPHU axxxbG675h1 aGorz, André96097601aLa morale de l´histoire10aHistoria y enajenación. /cAndré Gorz; traducción Julieta Campos. aBuenos Aires, :bFondo de cultura económica,c1964. a350 p. ;c17 cm.1 aColección popular aPerteneció a la biblioteca personal de Juan Isidro Jimenes Grullón. aPrimera edición en francés 19591 aCampos, Julietaetrad933624 0aColección popular960354 001050718MOaGRbGRcCTd2011-10-26iLF1l0oxxx G675hp35225-10r2020-06-25w2020-06-25y1zPerteneció a la biblioteca personal de Juan Isidro Jimenes Grullón.ZNo se presta c34716d34716